Vuoden yhtyeen Emma-palkinnon voittajat - Statistics

Yleistilastot
  • Tätä visaa on pelattu 78 kertaa
    32 viimeisimmän päivityksen jälkeen
  • Keskiarvotulos 30 / 41
Vastaustilastot
Yhtye % Oikein
KUUMAA
100%
KUUMAA
100%
KUUMAA
100%
JVG
96%
JVG
96%
JVG
96%
Lordi
96%
Dingo
93%
Dingo
93%
Haloo Helsinki!
93%
Haloo Helsinki!
93%
Haloo Helsinki!
93%
PMMP
93%
PMMP
93%
Blind Channel
89%
emma & matilda
82%
Nylon Beat
82%
Eppu Normaali
79%
Nightwish
79%
Nightwish
79%
Nightwish
79%
Ultra Bra
75%
HIM
71%
The Rasmus
68%
The Rasmus
68%
Gasellit
61%
Kolmas Nainen
61%
Maustetytöt
61%
61%
Don Huonot
57%
Leevi and the Leavings
57%
Neljä Ruusua
57%
Neljä Ruusua
57%
Egotrippi
46%
Aikakone
43%
Stam1na
43%
Timo Rautiainen ja Trio Niskalaukaus
43%
Mamba
32%
22-Pistepirkko
29%
Leningrad Cowboys
29%
Michael Monroe
29%
Ehtoja vastaavia visoja ei löytynyt
Tulosjakauma
Jokaisen tuloksen saaneiden osuus
Persentiili vastausten määrän mukaan
Tuloshistoriasi
Et ole pelannut tätä visaa sen viimeisimmän päivityksen jälkeen